000
00280nam a2200097Ia 4500
008
230508s1979 xx 000 0 und d
041
_a
eng
100
_a
COULSON,RICHARDSON,BACKHURST.
245
_a
CHEMICAL ENGG SOLUTIONS TO THE PROBLEMS.V2,5.
260
_b
PERGAMON PRESS LTD,
_c
1979
999
_c
316180
_d
316180